| 000 | 00705nam a22002177a 4500 | ||
|---|---|---|---|
| 999 |
_c4860 _d4860 |
||
| 003 | AR-CdUCM | ||
| 008 | 190311b ||||| |||| 00| 0 spa d | ||
| 040 |
_aMUNICIPALIDAD PROVINCIAL DEL CUSCO _cBIBLIOTECA MUNICIPAL DEL CUSCO |
||
| 082 |
_a869.56 / _bC63 |
||
| 100 |
_aCillóniz, Antonio _914958 |
||
| 245 | _aDespués de caminar cierto tiempo hacia el este / | ||
| 260 |
_aLima : _bAusonia, _c1971. |
||
| 300 |
_a53 páginas ; _bilustracion, _c19 cm. |
||
| 440 |
_aCuadernos trimestrales de poesía _914959 |
||
| 500 | _aDonación de la familia Nieto.Datos de la cubierta | ||
| 650 |
_aPerú _935 |
||
| 650 |
_aPoesía peruana _9806 |
||
| 650 |
_aSiglo XX _98 |
||
| 942 |
_2ddc _cLIBROS |
||
| 945 | _araen | ||